[Event "ESP-chT CECLUB Div2"]
[Site "Linares"]
[Date "2024.08.13"]
[Round "3.33"]
[White "Barrero Garcia, Carlos"]
[Black "Centeno Mendoza, Julio Stefano"]
[Result "1/2-1/2"]
[WhiteElo "2281"]
[BlackElo "2090"]
[PlyCount "84"]
[EventDate "2024.08.11"]
[EventType "team-swiss"]
[EventRounds "7"]
[EventCountry "ESP"]
[SourceTitle "CBM 221 Extra"]
[Source "ChessBase"]
[SourceDate "2024.09.30"]
[SourceVersion "1"]
[SourceVersionDate "2024.09.30"]
[SourceQuality "1"]
[WhiteTeam "Ciudad de Huelva"]
[BlackTeam "Collado Villalba"]
[WhiteTeamCountry "ESP"]
[BlackTeamCountry "ESP"]

1. Nf3 d5 2. g3 Nf6 3. Bg2 e6 4. 0-0 Be7 5. d3 0-0 6. Nbd2 b6 7. e4 dxe4 8. dxe4 Bb7 9. Qe2 Nbd7 10. e5 Ne8 11. Ne4 Qc8 12. Bg5 f6 13. exf6 gxf6 14. Bh6 Rf7 15. Rfe1 Nf8 16. Rad1 Ng7 17. Bh3 Qe8 18. Nd4 f5 19. Ng5 Bxg5 20. Bxg5 c5 21. Nf3 Ng6 22. Rd6 Qa4 23. Bh6 Re7 24. Ne5 Qe4 25. Qxe4 Bxe4 26. Nxg6 hxg6 27. Bg2 Bxg2 28. Kxg2 Rae8 29. Bg5 Rf7 30. c4 Rb7 31. a4 Kf7 32. Red1 Reb8 33. h4 Nh5 34. Kf3 Nf6 35. Ke3 Ng4+ 36. Ke2 Nf6 37. f3 Re8 38. Ke3 Ree7 39. Rd8 Red7 40. Bxf6 Rxd1 41. Rxd1 Kxf6 42. Rd8 Ke5 1/2-1/2

[Event "Huelva"]
[Site "Huelva"]
[Date "2023.07.19"]
[Round "5"]
[White "Barrero Garcia, Carlos"]
[Black "Lin, Ying Rui"]
[Result "1/2-1/2"]
[WhiteElo "2305"]
[BlackElo "2389"]
[PlyCount "76"]
[EventDate "2023.07.17"]
[EventType "tourn"]
[EventRounds "9"]
[EventCountry "ESP"]
[EventCategory "4"]
[SourceTitle "CBM 215 Extra"]
[Source "ChessBase"]
[SourceDate "2023.09.30"]
[SourceVersion "1"]
[SourceVersionDate "2023.09.30"]
[SourceQuality "1"]

1. d4 f5 2. g3 Nf6 3. Bg2 e6 4. Nf3 Be7 5. c4 d6 6. 0-0 0-0 7. Nc3 Ne4 8. Nxe4 fxe4 9. Ne1 d5 10. f3 dxc4 11. fxe4 e5 12. Rxf8+ Bxf8 13. e3 Nc6 14. d5 Nb4 15. Qe2 b5 16. a4 c6 17. Bd2 a6 18. Bc3 Qe8 19. Qd2 a5 20. d6 Qe6 21. Rd1 Bd7 22. axb5 Rb8 23. Bxb4 axb4 24. Qxb4 cxb5 25. Nf3 Rb6 26. Rd5 Rxd6 27. Qc3 Rxd5 28. exd5 Qxd5 29. Nxe5 Qd1+ 30. Kf2 Be6 31. Bf3 Qd6 32. Qd4 b4 33. Ke2 Qc5 34. Bg4 Bd5 35. Qxc5 Bxc5 36. e4 Bf7 37. Nxf7 Kxf7 38. Bc8 Kf6 1/2-1/2

[Event "Seville op 43rd"]
[Site "Seville"]
[Date "2018.01.16"]
[Round "5"]
[White "Barrero Garcia, Carlos"]
[Black "Pap, Misa"]
[Result "0-1"]
[WhiteElo "2321"]
[BlackElo "2491"]
[PlyCount "64"]
[EventDate "2018.01.12"]
[EventType "swiss"]
[EventRounds "9"]
[EventCountry "ESP"]
[SourceTitle "CBM 182 Extra"]
[Source "ChessBase"]
[SourceDate "2018.02.23"]
[SourceVersion "1"]
[SourceVersionDate "2018.02.23"]
[SourceQuality "1"]

1. Nf3 c5 2. b3 d5 3. e3 Nc6 4. Bb5 Bd7 5. 0-0 Nf6 6. Bb2 e6 7. d3 Be7 8. Bxc6 Bxc6 9. Ne5 Rc8 10. f4 0-0 11. Nd2 b5 12. Rf3 d4 13. Nxc6 Rxc6 14. a4 a6 15. axb5 axb5 16. e4 e5 17. f5 Ng4 18. Nf1 Bg5 19. Bc1 Bxc1 20. Rxc1 c4 21. bxc4 bxc4 22. Rg3 Nf6 23. Nd2 c3 24. Nf3 Qc7 25. Ne1 Ra8 26. Rh3 Qa7 27. Kf1 h5 28. Rh4 Ng4 29. Kg1 g6 30. h3 Ne3 31. Qe2 Qa3 32. Rb1 Qb2 0-1

[Event "POR-chT"]
[Site "Leiria"]
[Date "2017.07.18"]
[Round "3.2"]
[White "Barrero Garcia, Carlos"]
[Black "Suarez Garcia, Carlos"]
[Result "0-1"]
[WhiteElo "2309"]
[BlackElo "2455"]
[PlyCount "96"]
[EventDate "2017.07.17"]
[EventType "team-tourn"]
[EventRounds "9"]
[EventCountry "POR"]
[SourceTitle "CBM 179 Extra"]
[Source "ChessBase"]
[SourceDate "2017.08.23"]
[SourceVersion "1"]
[SourceVersionDate "2017.08.23"]
[SourceQuality "1"]
[WhiteTeam "Mata de Benfica"]
[BlackTeam "Dias Ferreira"]
[WhiteTeamCountry "POR"]
[BlackTeamCountry "POR"]

1. e4 c5 2. Nf3 e6 3. d3 Nc6 4. g3 d5 5. Nbd2 Bd6 6. Bg2 Nge7 7. 0-0 0-0 8. Nh4 Bc7 9. f4 Rb8 10. Ndf3 b5 11. Be3 Bb6 12. Kh1 c4 13. Bxb6 Qxb6 14. e5 cxd3 15. cxd3 Nd4 16. Nxd4 Qxd4 17. Qd2 Bd7 18. Nf3 Qb6 19. d4 b4 20. Rfc1 Rfc8 21. Rxc8+ Rxc8 22. a3 a5 23. axb4 axb4 24. Bf1 g6 25. g4 Kg7 26. Bd3 b3 27. Ra3 h6 28. Qd1 Rb8 29. Kg2 Nc6 30. Bb1 Na5 31. Qe2 Nc4 32. Ra1 Qc6 33. Bd3 Ra8 34. Rb1 Ra2 35. Kg3 Qa4 36. f5 exf5 37. gxf5 gxf5 38. Bxc4 dxc4 39. Kh4 Qa8 40. Rg1+ Kh7 41. Nd2 Be6 42. Qe3 Rxb2 43. Kh5 Qf8 44. Nf3 f6 45. Qf4 Qf7+ 46. Kh4 Re2 47. Nd2 fxe5 48. dxe5 c3 0-1

[Event "POR-chT"]
[Site "Porto"]
[Date "2016.08.18"]
[Round "6.10"]
[White "Barrero Garcia, Carlos"]
[Black "Santos, Jose Pereira"]
[Result "1/2-1/2"]
[WhiteElo "2355"]
[BlackElo "2283"]
[PlyCount "99"]
[EventDate "2016.08.14"]
[EventType "team-tourn"]
[EventRounds "9"]
[EventCountry "POR"]
[SourceTitle "CBM 173 Extra"]
[Source "ChessBase"]
[SourceDate "2016.08.29"]
[SourceVersion "1"]
[SourceVersionDate "2016.08.29"]
[SourceQuality "1"]
[WhiteTeam "Mata de Benfica"]
[BlackTeam "Barreirense"]
[WhiteTeamCountry "POR"]
[BlackTeamCountry "POR"]

1. d4 Nf6 2. c4 g6 3. Nc3 d5 4. Bg5 Bg7 5. e3 c5 6. dxc5 Qa5 7. Bxf6 Bxf6 8. Rc1 dxc4 9. Bxc4 0-0 10. Nf3 Nc6 11. 0-0 Qxc5 12. Nd5 Qd6 13. Qe2 Bg4 14. Rfd1 Rad8 15. Nxf6+ Qxf6 16. Bd5 Ne5 17. Be4 Qb6 18. Rxd8 Rxd8 19. b3 f5 20. Qb2 Bxf3 21. Bxf3 Nd3 22. Qc3 Nxc1 23. Qxc1 e5 24. Qc3 Qd6 25. h4 b6 26. g3 h5 27. b4 Kh7 28. Kg2 Rd7 29. Qc8 Qc7 30. Qe8 e4 31. Be2 Rd2 32. Bb5 Rd8 33. Qe6 Rd6 34. Qe8 Qd8 35. Qf7+ Kh6 36. Qxa7 Rd2 37. Qf7 Qd6 38. a3 Rc2 39. Bc4 Rc3 40. Be6 Rxa3 41. Qf6 Ra8 42. Qg5+ Kh7 43. Qf6 Qf8 44. Qd4 Qd8 45. Qe5 Ra7 46. Bb3 Re7 47. Qf6 Rd7 48. Qe6 Kh6 49. b5 Qe7 50. Qxb6 1/2-1/2

[Event "POR-chT"]
[Site "Porto"]
[Date "2016.08.14"]
[Round "1.18"]
[White "Barrero Garcia, Carlos"]
[Black "Martinez Duany, Lelys Stanley"]
[Result "0-1"]
[WhiteElo "2355"]
[BlackElo "2510"]
[PlyCount "72"]
[EventDate "2016.08.14"]
[EventType "team-tourn"]
[EventRounds "9"]
[EventCountry "POR"]
[SourceTitle "CBM 173 Extra"]
[Source "ChessBase"]
[SourceDate "2016.08.29"]
[SourceVersion "1"]
[SourceVersionDate "2016.08.29"]
[SourceQuality "1"]
[WhiteTeam "Mata de Benfica"]
[BlackTeam "Dias Ferreira"]
[WhiteTeamCountry "POR"]
[BlackTeamCountry "POR"]

1. d4 Nf6 2. c4 c5 3. d5 b5 4. cxb5 a6 5. b6 d6 6. e4 g6 7. Ne2 Bg7 8. Nec3 Nbd7 9. a4 Nxb6 10. a5 Nbd7 11. f4 0-0 12. Bc4 Ne8 13. 0-0 Nc7 14. Na3 Nb5 15. Naxb5 axb5 16. Nxb5 Rxa5 17. Bd2 Rxa1 18. Qxa1 Nf6 19. Re1 Bd7 20. Nc3 Qa8 21. Qc1 e5 22. fxe5 Ng4 23. Be2 Nxe5 24. Nd1 Qa4 25. Nf2 f5 26. Bd1 Qa7 27. exf5 Bxf5 28. Bc3 Bc8 29. Qe3 Qf7 30. Ne4 Ba6 31. h3 Qxd5 32. Bc2 Nc6 33. Bxg7 Kxg7 34. Ng5 Rf6 35. Be4 Qe5 36. Bxc6 Rf8 0-1

[Event "Seville op 40th"]
[Site "Seville"]
[Date "2015.01.31"]
[Round "8"]
[White "Carrabeo Garcia, Manuel"]
[Black "Barrero Garcia, Carlos"]
[Result "1/2-1/2"]
[WhiteElo "2160"]
[BlackElo "2360"]
[PlyCount "28"]
[EventDate "2015.01.25"]
[EventType "swiss"]
[EventRounds "9"]
[EventCountry "ESP"]
[SourceTitle "CBM 164 Extra"]
[Source "ChessBase"]
[SourceDate "2015.03.02"]
[SourceVersion "1"]
[SourceVersionDate "2015.03.02"]
[SourceQuality "1"]

1. d4 Nf6 2. c4 c5 3. d5 e6 4. Nc3 exd5 5. cxd5 Bd6 6. Nf3 0-0 7. Bg5 Re8 8. e3 a6 9. a4 Bc7 10. Bd3 d6 11. h3 Nbd7 12. 0-0 h6 13. Bh4 Nf8 14. Qc2 g5 1/2-1/2

[Event "Granada Nazari IM"]
[Site "Granada"]
[Date "2014.04.16"]
[Round "2"]
[White "Barrero Garcia, Carlos"]
[Black "Guerreiro, Nuno M"]
[Result "1-0"]
[WhiteElo "2358"]
[BlackElo "2142"]
[PlyCount "53"]
[EventDate "2014.04.15"]
[EventType "tourn"]
[EventRounds "9"]
[EventCountry "ESP"]
[EventCategory "2"]
[SourceTitle "CBM 160 Extra"]
[Source "ChessBase"]
[SourceDate "2014.07.01"]
[SourceVersion "1"]
[SourceVersionDate "2014.07.01"]
[SourceQuality "1"]

1. d4 d5 2. c4 e5 3. dxe5 d4 4. Nf3 Nc6 5. Nbd2 Nge7 6. Nb3 Nf5 7. e4 dxe3 8. Qxd8+ Nxd8 9. fxe3 Be7 10. Bd3 Nh4 11. Kf2 Nc6 12. Nbd4 Nb4 13. Be4 0-0 14. Bd2 Na6 15. Bc3 Nc5 16. Bc2 Ne6 17. Kg3 Ng6 18. h4 Re8 19. h5 Ngf8 20. Nf5 Bd8 21. Rad1 Nc5 22. e4 a5 23. h6 Nfe6 24. hxg7 Bd7 25. Rxh7 Kxh7 26. Rh1+ Kg6 27. Rh6# 1-0

[Event "ESP-chT CECLUB 5th-12th"]
[Site "Linares"]
[Date "2013.08.25"]
[Round "2.4"]
[White "Andres Gonzalez, Ivan"]
[Black "Barrero Garcia, Carlos"]
[Result "1/2-1/2"]
[WhiteElo "2311"]
[BlackElo "2371"]
[PlyCount "55"]
[EventDate "2013.08.24"]
[EventType "team-match"]
[EventRounds "2"]
[EventCountry "ESP"]
[SourceTitle "CBM 156 Extra"]
[Source "ChessBase"]
[SourceDate "2013.10.22"]
[SourceVersion "1"]
[SourceVersionDate "2013.10.22"]
[SourceQuality "1"]
[WhiteTeam "Oviedo Universidad"]
[BlackTeam "Pena Oromana"]
[WhiteTeamCountry "ESP"]
[BlackTeamCountry "ESP"]

1. e4 e5 2. Nf3 Nc6 3. Nc3 Nf6 4. a3 g6 5. Nxe5 Nxe5 6. d4 Nc6 7. d5 Nb8 8. e5 Ng8 9. d6 cxd6 10. exd6 Qf6 11. Nd5 Qe6+ 12. Be3 Bxd6 13. Bc4 Nc6 14. 0-0 Qf5 15. Bd4 Nxd4 16. Qxd4 f6 17. Rfe1+ Kf8 18. Bd3 Qh5 19. Nxf6 Qxh2+ 20. Kf1 Be7 21. Nd5 Qh1+ 22. Ke2 Qh4 23. Qxh8 Qh5+ 24. Kf1 Qh1+ 25. Ke2 Qh5+ 26. Kf1 Qh1+ 27. Ke2 Qh5+ 28. Kf1 1/2-1/2

[Event "ESP-chT CECLUB Div1 GpA"]
[Site "Linares"]
[Date "2013.08.22"]
[Round "4.3"]
[White "Barrero Garcia, Carlos"]
[Black "Moreno Trujillo, Alejandro"]
[Result "1/2-1/2"]
[WhiteElo "2371"]
[BlackElo "2533"]
[PlyCount "69"]
[EventDate "2013.08.19"]
[EventType "team-tourn"]
[EventRounds "5"]
[EventCountry "ESP"]
[SourceTitle "CBM 156 Extra"]
[Source "ChessBase"]
[SourceDate "2013.10.22"]
[SourceVersion "1"]
[SourceVersionDate "2013.10.22"]
[SourceQuality "1"]
[WhiteTeam "Pena Oromana"]
[BlackTeam "Camfil 64 Villalba"]
[WhiteTeamCountry "ESP"]
[BlackTeamCountry "ESP"]

1. d4 d5 2. c4 c6 3. Nf3 Nf6 4. Qc2 dxc4 5. Qxc4 Bf5 6. Nc3 e6 7. g3 Nbd7 8. Bg2 Be7 9. 0-0 0-0 10. Re1 Bg6 11. e4 b5 12. Qxc6 b4 13. e5 bxc3 14. exf6 cxb2 15. fxe7 bxa1Q 16. exd8Q Raxd8 17. Bg5 Qb2 18. Bxd8 Rxd8 19. d5 Nf8 20. dxe6 Nxe6 21. Bh3 Qb6 22. Qxb6 axb6 23. Bxe6 fxe6 24. Re3 Bb1 25. a3 Ba2 26. Kg2 Bd5 27. g4 Rc8 28. Kg3 h6 29. Ne5 Rc1 30. h4 g5 31. hxg5 hxg5 32. Nf3 Bxf3 33. Kxf3 Kf7 34. Rb3 Rc4 35. Rxb6 1/2-1/2

[Event "Seville op 38th"]
[Site "Seville"]
[Date "2013.01.16"]
[Round "6"]
[White "Campora, Daniel Hugo"]
[Black "Barrero Garcia, Carlos"]
[Result "1/2-1/2"]
[WhiteElo "2490"]
[BlackElo "2350"]
[PlyCount "87"]
[EventDate "2013.01.11"]
[EventType "swiss"]
[EventRounds "9"]
[EventCountry "ESP"]
[SourceTitle "CBM 152 Extra"]
[Source "ChessBase"]
[SourceDate "2013.02.25"]
[SourceVersion "1"]
[SourceVersionDate "2013.02.25"]
[SourceQuality "1"]

1. Nf3 Nf6 2. g3 g6 3. Bg2 Bg7 4. 0-0 d5 5. c4 0-0 6. cxd5 Nxd5 7. Nc3 Nb6 8. d3 Nc6 9. Be3 h6 10. Qc1 Kh7 11. Rb1 e5 12. Nd2 Nd4 13. Qd1 a5 14. b3 c6 15. Nc4 Nd5 16. Bd2 Bg4 17. f3 Be6 18. Kh1 f5 19. e3 Nb5 20. Na4 Nb4 21. Nc5 Bc8 22. Qe1 b6 23. Na4 Nxd3 24. Qe2 Be6 25. Ncxb6 Ra6 26. Rbd1 e4 27. fxe4 fxe4 28. Bxe4 Ne5 29. Rxf8 Qxf8 30. Rf1 Qd8 31. Nc4 Nxc4 32. bxc4 Nd6 33. Bd3 Ra7 34. Nc5 Bf7 35. Qg4 Qe8 36. h4 Kg8 37. Qf3 Bxc4 38. Bxc4+ Nxc4 39. Bc1 Rf7 40. Qxf7+ Qxf7 41. Rxf7 Kxf7 42. Kg2 h5 43. e4 Bd4 44. Nd3 1/2-1/2

[Event "ESP-chT CECLUB Div2 Gp2"]
[Site "Burguillos"]
[Date "2012.08.10"]
[Round "4.1"]
[White "Barrero Garcia, Carlos"]
[Black "Razmyslov, Alexander"]
[Result "0-1"]
[WhiteElo "2352"]
[BlackElo "2452"]
[PlyCount "104"]
[EventDate "2012.08.08"]
[EventType "team-swiss"]
[EventRounds "6"]
[EventCountry "ESP"]
[SourceTitle "CBM 149 Extra"]
[Source "ChessBase"]
[SourceDate "2012.08.24"]
[SourceVersion "1"]
[SourceVersionDate "2012.08.24"]
[SourceQuality "1"]
[WhiteTeam "Huelva"]
[BlackTeam "Oromana"]
[WhiteTeamCountry "ESP"]
[BlackTeamCountry "ESP"]

1. c4 e5 2. g3 Nc6 3. Bg2 d6 4. Nc3 Be6 5. d3 Qd7 6. Rb1 Nge7 7. b4 d5 8. b5 Nd8 9. cxd5 Nxd5 10. Qc2 c6 11. Nf3 f6 12. bxc6 Qxc6 13. Bd2 Rc8 14. Rc1 Ba3 15. 0-0 Bxc1 16. Rxc1 Nxc3 17. Bxc3 Qa6 18. a4 Nc6 19. Qb2 0-0 20. Ra1 b6 21. Nd2 Na5 22. f4 exf4 23. gxf4 Rc7 24. Kf2 Qc8 25. Ne4 Nb3 26. Rg1 Nc5 27. Nxf6+ Rxf6 28. Bxf6 Nxd3+ 29. exd3 Rc2+ 30. Ke3 Rxb2 31. Bxb2 Qc2 32. Be5 Kf7 33. Be4 g6 34. h4 Ke7 35. Rg5 Qc1+ 36. Ke2 Bb3 37. f5 Bd1+ 38. Kf2 Qd2+ 39. Kg3 Qe3+ 40. Kg2 gxf5 41. Rxf5 Bg4 42. Rf4 Qh3+ 43. Kg1 Qxh4 44. Bf6+ Qxf6 45. Rxf6 Kxf6 46. Bxh7 Ke5 47. Kf2 Kd4 48. a5 bxa5 49. Ke1 Kc3 50. d4 a4 51. Bg8 a3 52. Bf7 Bc8 0-1

[Event "ESP-chT CECLUB Div2 Gp2"]
[Site "Burguillos"]
[Date "2012.08.09"]
[Round "2.1"]
[White "Granda Zuniga, Julio E"]
[Black "Barrero Garcia, Carlos"]
[Result "0-1"]
[WhiteElo "2653"]
[BlackElo "2352"]
[PlyCount "72"]
[EventDate "2012.08.08"]
[EventType "team-swiss"]
[EventRounds "6"]
[EventCountry "ESP"]
[SourceTitle "CBM 149 Extra"]
[Source "ChessBase"]
[SourceDate "2012.08.24"]
[SourceVersion "1"]
[SourceVersionDate "2012.08.24"]
[SourceQuality "1"]
[WhiteTeam "Collado Villalba"]
[BlackTeam "Huelva"]
[WhiteTeamCountry "ESP"]
[BlackTeamCountry "ESP"]

1. d4 Nf6 2. c4 g6 3. Nc3 Bg7 4. e4 d6 5. Nf3 0-0 6. Be2 e5 7. d5 a5 8. Bg5 h6 9. Bh4 Na6 10. Nd2 Qe8 11. 0-0 Nh7 12. Kh1 f5 13. exf5 gxf5 14. f4 Nf6 15. h3 Nc5 16. fxe5 dxe5 17. Qe1 Bd7 18. Qg3 b6 19. Rae1 f4 20. Qh2 Qg6 21. Bd1 Bf5 22. g3 fxg3 23. Qxg3 Qh7 24. Rxe5 Nfe4 25. Ncxe4 Nxe4 26. Nxe4 Bxe4+ 27. Kg1 Kh8 28. Rxf8+ Rxf8 29. Re7 Bd4+ 30. Kh2 Qf5 31. Re6 Qf1 32. Rxh6+ Bh7 33. Bc2 Qe2+ 34. Qg2 Be5+ 35. Bg3 Bxg3+ 36. Kxg3 Rg8+ 0-1

[Event "Andalucia-ch"]
[Site "Lucena"]
[Date "2012.05.01"]
[Round "9"]
[White "Guadamuro Torrente, Anabel"]
[Black "Barrero Garcia, Carlos"]
[Result "0-1"]
[WhiteElo "2185"]
[BlackElo "2356"]
[PlyCount "80"]
[EventDate "2012.04.26"]
[EventType "swiss"]
[EventRounds "9"]
[EventCountry "ESP"]
[SourceTitle "EXT 2013"]
[Source "ChessBase"]
[SourceDate "2012.11.22"]
[SourceVersion "1"]
[SourceVersionDate "2012.11.22"]
[SourceQuality "1"]

1. e4 c5 2. d3 d5 3. exd5 Qxd5 4. Nc3 Qd7 5. Be3 e6 6. Nf3 Nc6 7. d4 cxd4 8. Nxd4 a6 9. Nxc6 Qxc6 10. Qf3 Qxf3 11. gxf3 Bd7 12. 0-0-0 Bc6 13. Ne4 Nh6 14. Be2 Nf5 15. Bf4 Be7 16. Nd6+ Nxd6 17. Bxd6 Bxd6 18. Rxd6 Ke7 19. Rdd1 g5 20. Rd4 Rhg8 21. Rg1 Rg6 22. f4 gxf4 23. Rxg6 hxg6 24. Rxf4 g5 25. Rg4 Rh8 26. Kd2 Rxh2 27. Ke3 f6 28. c4 e5 29. b4 Rh3+ 30. Rg3 Rxg3+ 31. fxg3 f5 32. b5 f4+ 33. gxf4 gxf4+ 34. Kf2 axb5 35. cxb5 Bd5 36. b6 Kd6 37. a4 e4 38. a5 e3+ 39. Ke1 Kc5 40. Bg4 Kb5 0-1

[Event "Andalucia-ch"]
[Site "Lucena"]
[Date "2012.04.29"]
[Round "5"]
[White "Lopez Martin, Carlos"]
[Black "Barrero Garcia, Carlos"]
[Result "0-1"]
[WhiteElo "2080"]
[BlackElo "2356"]
[PlyCount "104"]
[EventDate "2012.04.26"]
[EventType "swiss"]
[EventRounds "9"]
[EventCountry "ESP"]
[SourceTitle "EXT 2013"]
[Source "ChessBase"]
[SourceDate "2012.11.22"]
[SourceVersion "1"]
[SourceVersionDate "2012.11.22"]
[SourceQuality "1"]

1. e4 e5 2. Nf3 Nc6 3. d4 exd4 4. Bc4 Nf6 5. 0-0 Nxe4 6. Re1 d5 7. Bxd5 Qxd5 8. Nc3 Qf5 9. Rxe4+ Be6 10. Nxd4 Nxd4 11. Qxd4 Rd8 12. Qe5 Qxe5 13. Rxe5 Bd6 14. Re1 a6 15. Bg5 Rd7 16. Ne4 Bb4 17. c3 Be7 18. Be3 b6 19. Ng5 Bd5 20. Nf3 c5 21. Ne5 Rd6 22. Bf4 Be6 23. Nc4 Rc6 24. Ne5 Rc8 25. Rad1 a5 26. b3 g5 27. Bg3 b5 28. c4 b4 29. Rd2 0-0 30. Red1 f6 31. Nd7 Rfd8 32. Nb6 Rxd2 33. Rxd2 Rd8 34. Nd5 Bxd5 35. cxd5 Bd6 36. Kf1 Kf7 37. Ke2 Ke7 38. Bxd6+ Kxd6 39. Kd3 a4 40. Kc4 axb3 41. axb3 Re8 42. f3 Re3 43. Rc2 h5 44. h3 h4 45. Kb5 Rc3 46. Ra2 Kxd5 47. Ra6 Ke5 48. Rc6 Rxb3 49. Rxc5+ Kf4 50. Rc4+ Kg3 51. Rg4+ Kh2 52. Kc4 Rb2 0-1

[Event "Seville op 37th"]
[Site "Seville"]
[Date "2012.01.09"]
[Round "3"]
[White "Barrero Garcia, Carlos"]
[Black "Lasinskas, Povilas"]
[Result "1/2-1/2"]
[WhiteElo "2370"]
[BlackElo "2138"]
[PlyCount "110"]
[EventDate "2012.01.07"]
[EventType "swiss"]
[EventRounds "9"]
[EventCountry "ESP"]
[SourceTitle "CBM 146 Extra"]
[Source "ChessBase"]
[SourceDate "2012.02.29"]
[SourceVersion "1"]
[SourceVersionDate "2012.02.29"]
[SourceQuality "1"]

1. Nf3 Nf6 2. c4 e6 3. Nc3 c5 4. g3 b6 5. Bg2 Bb7 6. 0-0 Be7 7. Re1 0-0 8. e4 d6 9. d4 cxd4 10. Nxd4 Qc8 11. Ndb5 Rd8 12. Bf4 Ne8 13. Rc1 a6 14. Nd4 Nd7 15. Bh3 Bf6 16. Be3 Qc7 17. b3 Rac8 18. f4 Qb8 19. f5 e5 20. Nf3 Nc5 21. Bf2 Qa8 22. Nd5 Bxd5 23. cxd5 Nd7 24. Bf1 Rxc1 25. Qxc1 Rc8 26. Qa3 b5 27. Rc1 Bd8 28. b4 Bb6 29. Rc3 Bxf2+ 30. Kxf2 Nef6 31. Nd2 Nb6 32. Qc1 Rxc3 33. Qxc3 Qb7 34. Kf3 Kf8 35. Bd3 Ke7 36. Nb3 Kd7 37. Na5 Qc7 38. Qd2 h6 39. Nc6 Ng8 40. h4 f6 41. g4 Ne7 42. Na5 Na4 43. g5 hxg5 44. hxg5 Qb6 45. gxf6 gxf6 46. Qe3 Qc7 47. Qd2 Qb6 48. Bc2 Qg1 49. Bxa4 bxa4 50. Qf2 Qh1+ 51. Ke3 Qb1 52. Kf3 Qh1+ 53. Ke3 Qb1 54. Qd2 Qg1+ 55. Ke2 Qb1 1/2-1/2